000
00306nam a2200121Ia 4500
008
190216s9999||||xx |||||||||||||| ||und||
100
_a
"Stake M,Mido I"
245
0
_a
Introduction To Nuclear Chemistry
260
_b
"Discovery Publishing House, Delhi"
300
_a
233
650
_a
Chemistry
942
_c
BK
999
_c
3296
_d
3296